| 000 | 00767cab a2200193 4500 | ||
|---|---|---|---|
| 001 | ABS39896 | ||
| 008 | 090401t1988 xxu||||| |||| 00| 0 eng d | ||
| 035 | _a(Sirsi) u19885 | ||
| 041 | _aeng | ||
| 100 | _aBright, S. | ||
| 245 | _aLenders and overriding interests | ||
| 260 | _c1988 | ||
| 350 | _a0 | ||
| 490 |
_aNew Law Journal _v138(6375) 23 September 1988, 685-687(3) |
||
| 520 | _aThe case Lloyds Bank Ltd v Rossett (See Abstract 39423) raised important points in registered conveyancing , when the wife claimed she had a beneficial interest in a house registered in her husband`s name. With reference to caselaw throughout, this article examines the implications of the case. | ||
| 690 | _aPROPERTY LAW AND PRACTICE | ||
| 942 | _n0 | ||
| 948 | _c04/03/1997 | ||
| 999 |
_c13325 _d13325 |
||